| 000 | 004430000a22001690004500 | ||
|---|---|---|---|
| 003 | LK-CoMWRAF | ||
| 008 | 230817t ||||| |||| 00| 0 eng d | ||
| 040 |
_aLK-CoMWRAF _dLK-CoMWRAF _eLK-CoMWRAF |
||
| 041 | _aeng | ||
| 082 |
_a150 _bAKB |
||
| 100 | _aAkbar, Usthath Rasheed Hajjul | ||
| 245 |
_aPaathai thelivanathu payanika yaar thayar _b |
||
| 260 |
_aColumbu _bIlankai Jama athe Islami |
||
| 300 | _ap.56 | ||
| 650 | _aIslam | ||
| 942 | _cBK | ||
| 999 |
_c2666 _d2666 |
||